[Event "RUS-ch Rapid Men 2018"]
[Site "Sochi"]
[Date "2018.10.06"]
[Round "7"]
[White "Sychev, Klementy"]
[Black "Kozak, Alexander"]
[Result "1-0"]
[WhiteElo "2534"]
[BlackElo "2262"]
[Annotator "TA"]
[PlyCount "89"]
[EventDate "2018.10.05"]
[EventType "swiss"]
[EventCountry "RUS"]
[SourceTitle "playchess.com"]
[Source "ChessBase"]
[SourceQuality "1"]

{[%evp 18,89,72,51,107,90,75,75,57,78,75,98,97,85,91,86,107,54,62,53,65,47,40,49,91,70,83,16,19,12,76,71,71,59,69,79,74,65,117,119,143,143,139,114,131,105,136,128,164,116,150,151,206,205,361,361,354,354,348,347,336,302,29962,29964,29967,29966,29968,29969,29969,29971,29969,29970,29969,12233]} 1. e4 c6 2. d4 d5 3. Nd2 g6 4. c3 Bg7 5. Ngf3 Nh6 6. Bd3 O-O 7. O-O f6 8. Re1 Nf7 9. h4 {B12: Caro-Kann (Vorstoß-Variante)} e5 10. h5 {LiveBook: 4 Partien} g5 (10... gxh5 $14 11. dxe5 fxe5) (10... exd4 11. cxd4 f5 12. e5 Be6 13. Nb3 Nd7 14. Be3 g5 15. Qc2 Kh8 16. Bd2 g4 {0-1 (37) Das,S (2444)-Burmakin,V (2571) Barcelona 2015}) 11. dxe5 $146 {Weiß steht besser.} ({Vorgänger:} 11. exd5 cxd5 12. h6 Bxh6 13. dxe5 fxe5 14. Nxe5 Qf6 15. Nxf7 Qxf7 16. Qf3 Nc6 17. Qxf7+ Rxf7 {1-0 (50) Kriebel,T (2465)-Chytilek,R (2349) Czech Republic 2015}) 11... fxe5 12. h6 Nxh6 13. exd5 cxd5 14. Nxe5 {Droht stark Sdf3.} Nc6 ({Aber nicht} 14... Bxe5 $2 15. Rxe5 Qf6 16. Nf3 $18) 15. Ndf3 Nxe5 16. Nxe5 Qf6 17. Qc2 (17. Nf3 $16) 17... Bf5 $14 18. Bxf5 Qxf5 19. Qxf5 Rxf5 20. Nf3 g4 21. Nd4 {[#] Droht Lxh6 und aus.} Rf7 22. Ne6 (22. Bxh6 $16 Bxh6 23. Rad1) 22... Re8 $11 {Und weiter mit ...Tfe7 wäre nett.} 23. Bg5 $36 {[%mdl 2048] Weiss hat gut koordiniertes Spiel.} Bf6 (23... Nf5 $11 {bleibt in der Remisbreite.}) 24. Bxh6 Rfe7 25. Rad1 Rxe6 26. Rxe6 Rxe6 27. Rxd5 $14 {[%mdl 4096] Endspiel KTL-KTL} g3 ({Besser ist} 27... Re1+ $14 28. Kh2 Re2) 28. Be3 $16 gxf2+ 29. Kxf2 a6 30. Bd4 Bxd4+ 31. Rxd4 {KT-KT} Rb6 32. b4 Kf7 33. a3 Kg6 34. c4 Re6 (34... Rc6 $16 35. c5 b6) 35. c5 Kf5 $2 {[#]} (35... Re7 36. Kf3 Kf5 37. Rd5+ Ke6) 36. Rd7 $18 b6 37. cxb6 ({Viel schwächer ist} 37. Rxh7 bxc5 38. Rh5+ (38. bxc5 Ke5 $18) 38... Ke4 $18) 37... Rxb6 38. Rxh7 Ke4 39. Rh5 Kd4 $2 (39... Rc6 $18 40. Ra5 Kf4) 40. g4 {[%cal Bg2g4,Bg4g5][%mdl 32] Weiß setzt Matt.} Kc4 41. Kg3 Kd4 42. Ra5 Ke4 43. g5 Rd6 44. Kg4 Rc6 45. Kh5 {Precision: Weiß = 67%, Schwarz = 20%.} 1-0

[Event "RUS-ch Rapid Men 2018"]
[Site "Sochi"]
[Date "2018.10.06"]
[Round "7"]
[White "Shcherbakov, Ruslan"]
[Black "Apryshko, Gleb"]
[Result "1-0"]
[WhiteElo "2516"]
[BlackElo "2399"]
[Annotator "TA"]
[PlyCount "91"]
[EventDate "2018.10.05"]
[EventType "swiss"]
[EventCountry "RUS"]
[SourceTitle "playchess.com"]
[Source "ChessBase"]
[SourceQuality "1"]

{[%evp 11,91,43,50,39,66,69,72,57,111,50,72,40,68,0,46,-56,-58,-52,-33,-43,-60,-61,0,0,0,0,0,0,188,178,181,180,177,-93,-82,-82,-74,-98,-97,-87,-87,-95,-55,-47,-48,-244,-236,-241,-126,-362,-372,-391,-163,-214,-127,-166,-132,-172,-177,-173,9,17,29992,29989,29989,29990,29990,29991,29991,29992,29992,29993,29993,0,12842,12843,12843,12842,12842,12843,12843,12843]} 1. e4 g6 2. d4 Bg7 3. Nc3 d6 4. Be3 a6 5. Qd2 Nd7 6. O-O-O b5 7. h4 {B06: Modern Defence} Bb7 (7... h6 8. f4 h5 9. Nf3 Nb6 10. Bd3 Nh6 11. Rhf1 Ng4 12. Bg1 b4 13. Ne2 a5 14. Kb1 Ba6 15. Bxa6 Rxa6 {1-0 (34) Morozevich,A (2676)-Vavulin,M (2575) Moscow 2017}) 8. h5 b4 9. Nd5 {White is better.} a5 $146 (9... Bxd5 $14 10. exd5 Ngf6) ({Predecessor:} 9... e6 10. Qxb4 Rb8 11. Nc3 Bxe4 12. Qa3 Bb7 13. Nf3 Ne7 14. Bd3 O-O {1-0 (64) Firnhaber,I (2519)-Marcucci,M (2488) ICCF email 2012}) 10. Nh3 (10. f3 $16) 10... e6 $14 11. Ndf4 Bxe4 {[#]} 12. Bd3 (12. Ng5 $1 $14 {[%mdl 512]} Bf5 (12... Qxg5 13. Nxe6) 13. hxg6 hxg6 14. Rxh8 Bxh8 15. f3) 12... Ngf6 {[#]} 13. h6 $1 {[%mdl 512]} Bf8 $1 $15 (13... Bxh6 $6 14. Nxe6 Bxe3 15. Qxe3 $14) 14. Ng5 Bd5 15. c4 bxc3 $1 16. bxc3 Nb6 ({Better is} 16... Rb8 $15) 17. Nxd5 $11 Nfxd5 18. Bb5+ Nd7 $1 19. c4 $1 {[%cal Rc4d5]} Nb4 $2 (19... Nxe3 $11 20. Qxe3 Be7 21. Nxe6 fxe6) 20. d5 $1 $18 {[%cal Rd5e6]} Qf6 {[%cal Rf6a1]} 21. Bd4 $1 {[%cal Rd4f6]} e5 22. Bc3 $2 (22. Be3 $1 $18) 22... Nxa2+ $1 $17 23. Qxa2 {Black must now prevent Bd2.} Qxg5+ 24. Bd2 Qg4 ({Much weaker is} 24... Qxg2 25. Qa4 $11) 25. f3 Qxg2 26. f4 Be7 $1 {...Kd8 is the strong threat.} 27. fxe5 dxe5 28. Bxd7+ $2 (28. Qa4 $1 $15 Rd8 29. Rhe1) 28... Kxd7 $19 29. Qa4+ Kd8 (29... Kc8 $1 $19 30. Rhe1 Bd6) 30. d6 $2 (30. Rhe1 $17 {was called for.}) 30... Bxd6 31. c5 Ke7 (31... Bxc5 $142 32. Rh2 Qf3 33. Bb4+ Bd4) 32. Rhg1 (32. Qc4 $142 Rhc8 33. Kb2) 32... Qf2 (32... Qh3 $19 33. Rh1 Qe6 34. cxd6+ cxd6) 33. cxd6+ $17 cxd6 34. Kb1 Rab8+ 35. Ka1 Rhc8 $2 (35... f6 $19 {Threatens to win with ...Rhc8.} 36. Rge1 Rhc8) 36. Rgf1 $11 Qb6 $2 {[%mdl 8192]} (36... Qd4+ $11 37. Qxd4 exd4) 37. Bg5+ Kf8 {[#]} 38. Rxf7+ $1 {[%mdl 512]} Kg8 (38... Kxf7 39. Qd7+) 39. Rg7+ Kh8 {[#]} 40. Rxh7+ $1 {[%mdl 512]} Kg8 (40... Kxh7 41. Qd7+) 41. Rg7+ Kh8 {[#]} 42. Rh7+ (42. Rg8+ $142 $1 {[%mdl 512]} Rxg8 43. Bf6+ Rg7 44. hxg7+ Kh7 45. Rh1+ Kg8 46. Qc4+ d5 47. Qxd5+ Qe6 48. Qxe6#) 42... Kg8 $18 {[%csl Gb8][%cal Rb6b2]} 43. Qa2+ {White is clearly winning.} Qb3 44. Rg7+ Kh8 45. Qxb3 Rxb3 46. Bf6 {Precision: White = 49%, Black = 50%.} 1-0

[Event "RUS-ch Rapid Men 2018"]
[Site "Sochi"]
[Date "2018.10.06"]
[Round "7"]
[White "Demidov, Mikhail"]
[Black "Sharafiev, Azat"]
[Result "1/2-1/2"]
[WhiteElo "2514"]
[BlackElo "2432"]
[Annotator "ChessBase"]
[PlyCount "99"]
[EventDate "2018.10.05"]
[EventType "swiss"]
[EventCountry "RUS"]
[SourceTitle "playchess.com"]
[Source "ChessBase"]
[SourceQuality "1"]
[TimeControl "900+10"]

1. d4 {[%emt 0:00:00]} e6 {[%emt 0:00:00]} 2. Nf3 {[%emt 0:00:01]} c5 {[%emt 0:00:00]} 3. e3 {[%emt 0:00:01]} Nf6 {[%emt 0:00:13]} 4. c4 {[%emt 0:00:01]} d5 {[%emt 0:00:31]} 5. a3 {[%emt 0:00:07]} dxc4 {[%emt 0:00:31]} 6. Bxc4 {[%emt 0:00:03]} a6 {[%emt 0:00:16]} 7. O-O {[%emt 0:00:14]} Nbd7 {[%emt 0:00:24]} 8. dxc5 {[%emt 0:00:09]} Bxc5 {[%emt 0:00:15]} 9. b4 {[%emt 0:00:02]} Be7 {[%emt 0:00:06]} 10. Bb2 {[%emt 0:00:02]} b5 {[%emt 0:00:05]} 11. Bd3 {[%emt 0:00:14]} Bb7 {[%emt 0:00:08]} 12. Nbd2 {[%emt 0:00:14]} O-O {[%emt 0:01:51]} 13. Qe2 {[%emt 0:01:34]} Nd5 {[%emt 0:00:21]} 14. Nb3 {[%emt 0:00:43]} Rc8 {[%emt 0:00:06]} 15. Rac1 {[%emt 0:00:25]} h6 {[%emt 0:02:58]} 16. Na5 {[%emt 0:00:37]} Ba8 {[%emt 0:00:09]} 17. Rxc8 {[%emt 0:00:15]} Qxc8 {[%emt 0:00:02]} 18. Rc1 {[%emt 0:00:02]} Qe8 {[%emt 0:02:12]} 19. Bb1 {[%emt 0:01:25]} Bf6 {[%emt 0:00:31]} 20. Qc2 {[%emt 0:04:13]} g6 {[%emt 0:00:04]} 21. Bxf6 {[%emt 0:00:03]} N7xf6 {[%emt 0:00:15]} 22. Qc5 {[%emt 0:00:10]} Qb8 {[%emt 0:01:47]} 23. h3 {[%emt 0:01:38]} Nd7 {[%emt 0:01:33]} 24. Qc2 {[%emt 0:02:30]} N5b6 25. Qc7 Qxc7 {[%emt 0:01:06]} 26. Rxc7 {[%emt 0:00:11]} Rc8 27. Rxc8+ {[%emt 0:00:12]} Nxc8 {[%emt 0:00:05]} 28. Nd2 Kf8 {[%emt 0:00:12]} 29. f3 {[%emt 0:00:13]} Ke7 {[%emt 0:00:15]} 30. Kf2 {[%emt 0:00:01]} Ncb6 {[%emt 0:01:42]} 31. e4 {[%emt 0:00:01]} e5 {[%emt 0:00:10]} 32. Ba2 {[%emt 0:00:20]} f5 {[%emt 0:00:17]} 33. exf5 {[%emt 0:00:17]} gxf5 {[%emt 0:00:02]} 34. Bb1 {[%emt 0:00:05]} f4 {[%emt 0:00:26]} 35. Be4 {[%emt 0:00:01]} Bxe4 {[%emt 0:00:15]} 36. Nxe4 {[%emt 0:00:01]} Ke6 {[%emt 0:00:33]} 37. Ke2 {[%emt 0:00:02]} Kd5 {[%emt 0:00:21]} 38. Kd3 {[%emt 0:00:02]} Na4 39. g4 {[%emt 0:01:57]} fxg3 {[%emt 0:00:21]} 40. Nxg3 {[%emt 0:00:02]} Nb2+ {[%emt 0:00:05]} 41. Kc3 {[%emt 0:00:12]} Nd1+ {[%emt 0:00:40]} 42. Kd2 {[%emt 0:00:13]} Nb2 {[%emt 0:00:09]} 43. Kc2 {[%emt 0:01:22]} Nc4 {[%emt 0:00:11]} 44. Nxc4 {[%emt 0:00:02]} Kxc4 {[%emt 0:00:02]} 45. Nf5 {[%emt 0:00:02]} h5 {[%emt 0:00:06]} 46. Ne3+ {[%emt 0:00:35]} Kd4 {[%emt 0:00:02]} 47. Nf5+ {[%emt 0:00:01]} Kc4 {[%emt 0:00:01]} 48. Ne3+ {[%emt 0:00:09]} Kd4 {[%emt 0:00:01]} 49. Nf5+ {[%emt 0:00:01]} Kc4 {[%emt 0:00:01]} 50. Ne3+ {[%emt 0:00:01]} 1/2-1/2

[Event "RUS-ch Rapid Men 2018"]
[Site "Sochi"]
[Date "2018.10.06"]
[Round "7"]
[White "Triapishko, Alexandr"]
[Black "Kobalia, Mikhail"]
[Result "1/2-1/2"]
[WhiteElo "2508"]
[BlackElo "2620"]
[Annotator "TA"]
[PlyCount "117"]
[EventDate "2018.10.05"]
[EventType "swiss"]
[EventCountry "RUS"]
[SourceTitle "playchess.com"]
[Source "ChessBase"]
[SourceQuality "1"]

{[%evp 19,117,0,0,0,-15,-7,9,-4,0,-17,0,-10,0,-20,6,-38,-28,-62,-8,-7,0,-5,18,0,12,-21,-15,-14,0,-21,-11,-127,-113,-119,-120,-131,-138,-123,-139,-120,-130,-180,-174,-162,-152,-162,-58,-52,0,0,0,0,0,-27,-17,-33,-18,-14,-11,-11,0,-20,0,0,0,0,0,0,1,0,0,0,0,0,0,0,0,0,58,63,64,64,64,63,87,101,120,71,70,17,20,8,8,8,12,0,0,0,0,0]} 1. e4 c5 2. Nf3 e6 3. d4 cxd4 4. Nxd4 Nc6 5. Nc3 a6 6. g3 d6 7. Bg2 Bd7 8. O-O Nf6 9. b3 Be7 10. Bb2 O-O {LiveBook: 51 Games} 11. Qd3 {B80: Sicilian Scheveningen: 6 g3 and 6 Be3, including English Attack} (11. Nce2 e5 12. Nf5 Bxf5 13. exf5 Qc8 14. Bh3 d5 15. g4 h6 16. f4 d4 17. fxe5 Nd5 18. Nxd4 Ne3 19. Nxc6 Qxc6 {1-0 (62) Neiksans,A (2613)-Ladva,O (2529) Vilnius 2017}) 11... Nxd4 12. Qxd4 Bc6 $146 ({Predecessor:} 12... Qc7 13. Nd1 e5 14. Qd3 b6 15. Ne3 Rac8 16. Rad1 a5 17. a3 Be6 18. h3 Rfd8 19. Rd2 Qa7 20. Ra1 h5 21. Qe2 g6 22. a4 {0-1 (22) Berchtenbreiter,M (2330)-Kostic,V (2351) Bayern 2016}) 13. Rfe1 Qc7 14. Rad1 Rfd8 15. Qe3 Re8 16. h3 Rac8 17. g4 b5 18. Rd2 Bb7 (18... h6 $15) 19. g5 $11 Nd7 {[%cal Bf6d7,Bd7c5,Bc5e6][%mdl 32]} 20. h4 Nc5 21. a3 Bc6 22. Ne2 e5 23. f4 Qb7 {[%cal Rc5e4]} 24. Ng3 Ne6 25. Nh5 {[#]} (25. f5 $11 Nf4 26. f6 $1 {[%mdl 512]}) 25... d5 $1 $36 {[%mdl 2560] Strongly threatening ...Bc5. Black has strong initiative.} 26. b4 {[%cal Re4d5]} (26. exd5 Bc5) 26... Bd8 {White must now prevent ...Bb6.} 27. Qh3 {[%cal Re4d5]} Bb6+ 28. Kf1 dxe4 29. Bxe5 e3 30. Rde2 {[#]} Nd4 $1 {[%cal Rd4e2]} 31. Bxd4 Bxd4 32. Rd1 Bb6 (32... Rcd8 $19 {And now ...g6 would win.} 33. Kg1 Bb2 34. Rxd8 Rxd8) 33. Rd6 $15 Bxg2+ (33... Kf8 $1 $15) 34. Qxg2 $11 Qxg2+ 35. Kxg2 Re6 36. Rxe6 fxe6 {[%mdl 4096] Endgame KRB-KRN} 37. Ng3 Rc3 38. Kf3 Rxa3 39. Ne4 Kf7 40. h5 h6 41. c4 Bd4 42. cxb5 {Threatens to win with b6!} Ke7 43. bxa6 Rxa6 44. gxh6 gxh6 45. Rc2 Ra1 46. Rc7+ Kd8 47. Rc4 Ba7 48. Nc5 Rh1 (48... Ke7 $11) 49. Nxe6+ $14 Ke7 50. Nc5 Rxh5 51. Kxe3 Kd6 {[%cal Ra7c5]} 52. Ke4 Rh1 53. Rd4+ Kc6 54. Kf3 (54. Rd8 $14) 54... h5 $11 {The position is equal.} 55. Re4 Rh3+ 56. Kg2 Rc3 57. f5 {f6 is the strong threat.} Bxc5 58. bxc5 Rxc5 59. Rf4 {Precision: White = 42%, Black = 52%.} 1/2-1/2

[Event "RUS-ch Rapid Men 2018"]
[Site "Sochi"]
[Date "2018.10.06"]
[Round "7"]
[White "Gabrielian, Artur"]
[Black "Alexeev, Alexey"]
[Result "1-0"]
[WhiteElo "2499"]
[BlackElo "2287"]
[Annotator "TA"]
[PlyCount "52"]
[EventDate "2018.10.05"]
[EventType "swiss"]
[EventCountry "RUS"]
[SourceTitle "playchess.com"]
[Source "ChessBase"]
[SourceQuality "1"]

{[%evp 22,52,49,41,79,81,86,103,131,112,137,127,304,298,285,218,285,299,280,289,295,286,387,359,385,375,1362,1350,29984,29985,29985,29985,29992]} 1. e4 e5 2. Nf3 Nc6 3. Bc4 Bc5 4. d3 Nf6 5. c3 d6 6. Bg5 h6 7. Bh4 g5 8. Bg3 a6 {C54: Giuoco Piano: 4 c3 Nf6, main lines with 5 d4 and 5 d3} 9. a4 Ba7 10. Nbd2 Qe7 (10... O-O 11. Qe2 Kg7 12. h4 g4 {½-½ (21) Eljanov,P (2702)-Fressinet,L (2651) Brest 2018}) 11. O-O Bg4 12. b4 {LiveBook: 6 Games} h5 {[#] And now ...Bxf3 would win.} 13. h4 $1 gxh4 $146 ({Predecessor:} 13... Nd7 14. Qb1 f6 {0-1 (69) Viennot,D (2279)-Iovcov,V (2421) Porto Carras 2015}) 14. Bxh4 Nd8 15. Qb3 Ne6 16. d4 exd4 $2 (16... Nf4 $16 17. b5 O-O) 17. e5 $18 dxe5 18. Ne4 Rh6 {Hoping for ...Bxf3.} 19. Nxf6+ ({Don't do} 19. Nxe5 $6 O-O-O $16) 19... Rxf6 20. Nxe5 O-O-O {[#]} 21. Rae1 $1 Rg8 22. Kh1 dxc3 23. Qxc3 Nf4 $2 (23... Qd8 24. Nxg4 Bd4 25. Bxf6 Bxc3 26. Bxd8 Bxe1) 24. Nxg4 Rxg4 25. Rxe7 Rxh4+ 26. Kg1 Rg4 {Precision: White = 94%, Black =  9%.} 1-0

[Event "RUS-ch Rapid Men 2018"]
[Site "Sochi"]
[Date "2018.10.06"]
[Round "7"]
[White "Moiseenko, Vadim"]
[Black "Ivlev, Aleksey"]
[Result "1-0"]
[WhiteElo "2492"]
[BlackElo "2326"]
[Annotator "TA"]
[PlyCount "87"]
[EventDate "2018.10.05"]
[EventType "swiss"]
[EventCountry "RUS"]
[SourceTitle "playchess.com"]
[Source "ChessBase"]
[SourceQuality "1"]

{[%evp 11,87,-1,51,-31,-43,-57,47,43,83,58,69,61,66,58,77,41,50,52,44,41,46,33,39,0,0,0,0,0,0,0,31,0,0,0,67,77,182,180,301,278,264,271,259,269,294,290,405,233,375,375,375,374,452,450,420,412,396,341,341,334,387,380,452,467,483,473,750,422,1128,1125,1154,1136,1882,1305,2257,650,642,642]} 1. g3 d5 2. Bg2 c6 3. c4 Nf6 4. Nf3 dxc4 5. a4 e6 6. Qc2 {A11: Reti-Eröffnung} b5 {LiveBook: 3 Partien} (6... b6 $11) 7. Nc3 $146 (7. axb5 $14 cxb5 8. Nd4 $1 {[%mdl 512]}) ({Vorgänger:} 7. axb5 cxb5 8. Nd4 Qxd4 9. Bxa8 Bc5 10. O-O O-O 11. d3 cxd3 12. Qxd3 Qxd3 13. exd3 {½-½ (71) Savchenko,B (2644)-Frolyanov,D (2571) St Petersburg 2009}) 7... b4 $15 8. Nd1 {Schwarz steht etwas besser.} Bd6 (8... Ba6 $1 $15) 9. Ne3 $14 c3 10. bxc3 bxc3 11. Qxc3 O-O 12. Bb2 Ba6 13. d3 Nbd7 14. O-O ({Ein No Go ist} 14. Qxc6 Nc5 $15) 14... c5 15. a5 Rb8 16. Rfc1 Re8 17. Ba3 Nd5 18. Nxd5 exd5 19. e3 Be7 20. Rab1 Qc7 21. d4 Rxb1 22. Rxb1 Rb8 ({Günstiger ist} 22... c4 $1 $11) 23. Rc1 Rb5 (23... Nf6 $16) 24. dxc5 $18 {Und weiter mit c6 wäre nett.} Rxa5 (24... Qxa5 {war nötig.} 25. Qxa5 Rxa5) 25. Bb4 Ra4 {[#]} 26. Qb3 $1 {[%cal Rb3a4]} Rxb4 27. Qxb4 Bxc5 28. Qa4 Qd6 29. Ne5 (29. Bh3 $142) 29... Nxe5 (29... Bxe3 $142 30. Re1 (30. fxe3 Qxe5 31. Qd4 Qxd4 $18) 30... Nxe5 31. Rxe3 Nd7) 30. Qe8+ Qf8 31. Qxe5 Ba3 32. Rb1 Bd6 33. Qxd5 {Droht stark Ta1.} Bc8 34. Rd1 Bc5 35. Qc6 Bg4 36. Bf3 Be6 37. Bd5 {Weiß steht klar auf Gewinn.} Bg4 38. Rc1 Bb6 (38... Bd6 $142 39. Qa4 h5 40. Qxa7 Qe7) 39. Qb7 g6 (39... h5 $142 40. Bf3 Qa3) 40. Rc4 Bh3 41. Rf4 {[%cal Rf4f7]} Bf5 42. g4 Bc8 43. Qxf7+ (43. Qc6 $142 Bxg4 44. Rxf7 Qxf7 45. Qe8+ Kg7 46. Qxf7+ Kh6 47. Qe7) 43... Qxf7 44. Rxf7 {Precision: Weiß = 54%, Schwarz = 36%.} 1-0

[Event "RUS-ch Rapid Men 2018"]
[Site "Sochi"]
[Date "2018.10.06"]
[Round "7"]
[White "Hasangatin, Ramil"]
[Black "Rozum, Ivan"]
[Result "1/2-1/2"]
[WhiteElo "2485"]
[BlackElo "2573"]
[Annotator "TA"]
[PlyCount "68"]
[EventDate "2018.10.05"]
[EventType "swiss"]
[EventCountry "RUS"]
[SourceTitle "playchess.com"]
[Source "ChessBase"]
[SourceQuality "1"]

{[%evp 21,68,41,39,0,0,-16,87,81,83,67,81,82,93,83,77,56,140,148,147,149,160,143,172,147,210,160,181,163,292,289,285,291,266,265,308,333,314,292,371,359,365,263,264,0,344,0,257,0,339]} 1. e4 d6 2. d4 Nf6 3. Nc3 g6 4. Nf3 Bg7 5. h3 O-O 6. Be3 c6 7. a4 Nbd7 8. Be2 e5 9. dxe5 dxe5 10. Nd2 Qe7 11. Nc4 Ne8 {[%cal Bf6e8,Be8c7,Bc7d5][%mdl 32]} 12. O-O {B08: Pirc Defence: Classical System} Nc5 13. a5 $146 ({Predecessor:} 13. Nd6 Ne6 14. Nxc8 Rxc8 15. Bxa7 Rd8 16. Qc1 Nd6 17. Re1 f5 18. exf5 gxf5 19. Bf1 e4 {0-1 (68) Griffith,K (2319)-Zherebukh,Y (2642) New York 2017}) 13... f5 (13... Ne6 $1 $11) 14. exf5 {White is better.} gxf5 15. f4 e4 16. Qe1 Nc7 17. Qf2 N5e6 18. Rfd1 Bxc3 (18... Kh8 $14) 19. bxc3 $16 Nd5 20. Bd2 Qc5 21. g3 Bd7 22. Rab1 Rab8 (22... Be8 $16 {was necessary.} 23. Rxb7 Bh5) 23. Qxc5 Nxc5 24. Ne5 {[#] Black must now prevent c4.} Be6 (24... e3 {is a better defense.}) 25. c4 $18 Nc7 26. Be3 N7a6 27. g4 fxg4 28. hxg4 Rbe8 29. Rd6 Re7 30. Kg2 Na4 31. Rb3 N4c5 32. Rb1 Na4 $1 33. Rb3 N4c5 $1 34. Rb1 Na4 $1 {[%mdl 32768] Precision: White = 67%, Black = 54%. . An unexpected result.} 1/2-1/2

[Event "RUS-ch Rapid Men 2018"]
[Site "Sochi"]
[Date "2018.10.06"]
[Round "7"]
[White "Fakhrutdinov, Timur"]
[Black "Bocharov, Dmitry"]
[Result "0-1"]
[WhiteElo "2472"]
[BlackElo "2557"]
[Annotator "RC"]
[PlyCount "53"]
[EventDate "2018.10.05"]
[EventType "swiss"]
[EventCountry "RUS"]
[SourceTitle "playchess.com"]
[Source "ChessBase"]
[SourceQuality "1"]
[TimeControl "900+10"]

1. e4 {[%emt 0:00:00]} g6 {[%emt 0:00:00]} 2. d4 {[%emt 0:00:00]} Bg7 {[%emt 0:00:00]} 3. Nc3 {[%emt 0:00:00]} d6 {[%emt 0:00:00]} 4. f4 {[%emt 0:00:00]} a6 {[%emt 0:00:00]} 5. Nf3 {[%emt 0:00:13]} b5 {[%emt 0:00:00]} 6. e5 {[%emt 0:00:45]} Bb7 {[%emt 0:01:52]} 7. Bd3 {[%emt 0:00:27]} e6 {[%emt 0:00:09]} 8. Ne4 {[%emt 0:01:14]} Ne7 {[%emt 0:00:29]} 9. O-O {[%emt 0:00:12]} O-O {[%emt 0:00:03]} 10. c3 {[%emt 0:00:46]} Nf5 {[%emt 0:01:50]} 11. Qe1 {[%emt 0:01:09]} Nd7 {[%emt 0:01:37]} 12. g4 {[%emt 0:01:47]} Ne7 {[%emt 0:00:01]} 13. Qh4 {[%emt 0:02:24]} Nc8 {[%emt 0:04:24]} 14. Qh3 {[%emt 0:02:38]} Qe7 {[%emt 0:04:38]} 15. f5 {[%emt 0:02:46]} exf5 {[%emt 0:00:35]} 16. Bg5 {[%emt 0:01:05]} f6 {[%emt 0:00:31]} 17. gxf5 {[%emt 0:01:02]} dxe5 {[%emt 0:00:48]} 18. fxg6 {[%emt 0:01:14]} hxg6 {[%emt 0:00:04]} 19. Bc2 {[%emt 0:00:16]} Ncb6 {[%emt 0:00:33]} 20. Bh4 {[%emt 0:00:09]} Rae8 {[%emt 0:00:30]} 21. Rae1 {[%emt 0:00:01]} Qe6 {[%emt 0:00:04]} 22. Qg2 {[%emt 0:00:17]} f5 {[%emt 0:00:11]} 23. Neg5 {[%emt 0:00:06]} Qc6 {[%emt 0:00:09]} 24. Bg3 {[%emt 0:00:15]} exd4 {[%emt 0:00:12]} 25. Qh3 Nf6 26. Be5 {[%emt 0:00:17]} Nh5 {[%emt 0:00:06]} 27. Nxd4 0-1

[Event "RUS-ch Rapid Men 2018"]
[Site "Sochi"]
[Date "2018.10.06"]
[Round "7"]
[White "Gutenev, Alexander"]
[Black "Pridorozhni, Aleksei"]
[Result "1/2-1/2"]
[WhiteElo "2456"]
[BlackElo "2574"]
[Annotator "TA"]
[PlyCount "145"]
[EventDate "2018.10.05"]
[EventType "swiss"]
[EventCountry "RUS"]
[SourceTitle "playchess.com"]
[Source "ChessBase"]
[SourceQuality "1"]

{[%evp 20,145,42,46,64,43,44,39,43,11,34,33,39,35,37,5,14,4,8,0,0,-19,0,-14,-15,-23,-17,-7,0,0,0,-33,-26,-40,-35,-52,-32,-40,-32,-37,-26,-29,-13,-26,-26,-73,-38,-45,-29,-46,-16,-16,-16,-35,-20,-60,-6,-10,-6,-15,0,-12,-9,-109,0,0,0,0,2,0,0,0,0,0,0,0,0,0,0,0,0,0,0,0,0,0,0,0,0,0,0,0,0,0,0,0,0,0,0,0,0,0,12847,12847,12849,12849,12851,12851,12851,12851,12851,12851,12851,12851,12851,12851,12851,0,12851,0,0,0,0,0,0,0,0,0]} 1. e4 c5 2. Nf3 {[%cal Bg1f3,Bf3d4,Bd4b5,Bb5d6][%mdl 32]} e6 3. d4 cxd4 4. Nxd4 Nf6 5. Nc3 Nc6 6. Ndb5 Bc5 7. Nd6+ {B45: Sicilian Four Knights} Ke7 8. Bf4 e5 9. Nf5+ Kf8 10. Bg5 h6 11. Bxf6 $1 {LiveBook: 3 Games} Qxf6 12. Qd2 $146 ({Predecessor:} 12. Nd5 Qd8 13. c3 g6 14. Nfe3 d6 {½-½ (39) Quesada Perez,Y (2595)-El Debs,F (2525) Campinas 2013}) 12... d6 13. Nd5 Qd8 14. c3 g6 15. Nfe3 a6 16. a4 Kg7 17. Bd3 Be6 18. O-O Ne7 19. Nxe7 Qxe7 20. Kh1 Qg5 21. Rae1 (21. f4 $5 exf4 22. Rxf4 $1 $15 {[%mdl 512]}) 21... Rad8 22. Qc2 Rhe8 23. Bc4 Bxe3 24. Bxe6 Rxe6 25. Rxe3 d5 26. exd5 Rxd5 27. Qb3 Rd7 28. h3 Red6 29. Rfe1 f6 30. Kg1 h5 31. Qc4 Qf5 32. Qe4 Qxe4 33. Rxe4 $17 {[%mdl 4096] Endgame KRR-KRR} Rd2 34. R4e2 Rxe2 35. Rxe2 $15 {KR-KR} Rd1+ 36. Kh2 g5 37. Kg3 Rd3+ (37... Rb1 $15) 38. f3 $11 Kf7 39. Re4 a5 40. Rc4 Ke6 41. Rc5 {[#]} (41. b4 $11) 41... b6 (41... e4 $1 $17 {[%cal Re4e3] And now ...e3 would win.} 42. Kf2 Rd2+ 43. Ke3 exf3 44. Kxf3 Rxb2 45. Rxa5 Rc2) 42. Rb5 Rd6 43. Kf2 f5 44. Ke2 f4 45. b4 axb4 46. Rxb4 Kf5 47. Rb5 Rg6 48. a5 bxa5 49. Rxa5 g4 50. hxg4+ hxg4 51. Ra8 Rc6 52. Rf8+ Ke6 53. Kd3 g3 54. Re8+ Kf6 55. Rf8+ Ke7 56. Ra8 Kd6 57. Ke4 Rc4+ 58. Kf5 {Black must now prevent Ra6+.} Rxc3 59. Ra6+ Kd5 60. Ra5+ Kd4 $2 {[%mdl 8192]} (60... Kc6 $11) 61. Rxe5 $18 Rc2 62. Kxf4 Rxg2 63. Rg5 Rh2 64. Kxg3 Rh8 65. Kg4 Re8 66. Rf5 Rg8+ 67. Kf4 Rh8 68. Kg5 $2 (68. Rb5 $18 Rg8 69. Ra5) 68... Rg8+ 69. Kf6 $2 (69. Kf4 $18 Rg1 70. Ra5) 69... Ke3 $11 {The position is equal.} 70. Kf7 Rg3 71. f4 Rf3 72. Ke6 {Hoping for Ke5.} Rxf4 73. Rxf4 {Precision: White = 51%, Black = 53%.} 1/2-1/2